Które państwo ma większą liczbę ludności? - Statystyki

Ogólne statystyki
  • Ten quiz został rozwiązany 1 211 razy
  • Średni wynik to 12 z 25
Statystyki odpowiedzi
Zagadnienie Odpowiedź % Poprawnych
Finlandia czy Szwecja Szwecja
79%
Irak czy Iran Iran
72%
Korea Północna czy Korea Południowa Korea Południowa
71%
Polska czy Australia Polska
63%
III Rzesza czy II Rzeczpospolita (rok 1939) III Rzesza
59%
Unia Europejska + Stany Zjednoczone czy Indie Indie
59%
Japonia czy Pakistan Pakistan
59%
Meksyk czy Bangladesz Bangladesz
58%
Polska czy Kanada Polska
56%
Dania czy Irlandia Dania
55%
Włochy czy Hiszpania Włochy
53%
Grupa Wyszehradzka czy Niemcy Niemcy
52%
Czechy czy Norwegia Czechy
50%
Niemcy czy Egipt Egipt
50%
Francja czy Wielka Brytania Francja
47%
Indonezja czy Brazylia Indonezja
47%
Rosja czy Nigeria Nigeria
43%
Słowacja, Bułgaria, Austria czy Portugalia Portugalia
40%
Trójmorze (12 państw Unii Europejskiej położonych w pobliżu mórz Bałtyckiego, Czarnego i Adriatyckiego.) czy Rosja Rosja
39%
Tunezja, Holandia czy Grecja Holandia
37%
Kolumbia czy Argentyna Kolumbia
33%
Chiny + Indie + Unia Europejska czy reszta świata Reszta świata
33%
Uzbekistan, Kazachstan czy Afganistan Afganistan
30%
Nigeria, Indonezja, Brazylia czy Pakistan Indonezja
29%
Polska, Arabia Saudyjska czy Wenezuela Polska
27%
Nie znaleziono quizów pasujących do podanych kryteriów
Rozkład punktacji
Procent ludzi z każdym wynikiem
Percentyl według liczby udzielonych odpowiedzi
Twoja historia wyników
Nie rozwiązałeś tego quizu